Грехът на пианистката (Запис номер 498464)
[ съкратено ]
| 000 -Лидер | |
|---|---|
| Лидер | 01173nam a2200277 a 4500 |
| 003 - Код на организацията, давaща контролен номер | |
| Код на организацията, даваща контролен номер | BLK |
| 005 - Дата и час на последна редакция | |
| Дата и час на последна редакция | 20241213104141.0 |
| 008 - Елементи от данни с фиксирана дължина | |
| Елементи с фиксирана дължина | 230327b bu |||||r|||| 00| | bu d |
| 020 ## - Международен стандартен номер на книга ISBN | |
| ISBN | 978-619-265-030-8 |
| Коментар към ISBN | 9786192650308 |
| 040 ## - Източник на каталожния запис | |
| Код на библиотеката | BLK |
| 041 ## - Код за език | |
| Език | Български |
| Език за КДБФ | Български |
| 080 ## - УДК | |
| УДК текст | Австрийска литература |
| УДК код | 821.112.2(436) |
| УДК – определител | -311.6 |
| УДК – код + определител | 821.112.2(436)-311.6 |
| 084 ## - Класификационен индекс по друга класификация | |
| Авторски знак | Пал - П 15 |
| 100 ## - Редна дума - Автор | |
| R(LIN) | 487192 |
| Автор | Палка, Кърт |
| 245 ## - Сведения за заглавието | |
| Заглавие | Грехът на пианистката |
| Подзаглавни данни | роман |
| Авторска отговорност | Кърт Палка; прев. от англ. Мартин Касабов. |
| 257 ## - Страна на издаване | |
| Страна на създаване/издаване | Австрия |
| 260 ## - Област на издателските данни | |
| 9 (RLIN) | 209932 |
| Място на издаване | София |
| Име на издателя | Кръг |
| Година на издаване | 2023 |
| Издателство - префикс ISBN | 954-9832- |
| Печатница | Костинброд: Мултипринт ООД |
| 300 ## - Физическа характеристика | |
| Брой страници | 296 с. |
| Размер | 20 см |
| 380 ## - Жанр | |
| Жанр | Худож. лит. |
| 500 ## - Общи забележки | |
| Обща забележка | Ориг. загл.: The Piano Maker / Kurt Palka. - Биогр. данни за авт. отбелязани на гърба на кор. |
| 700 ## - Други автори (авторска отговорност) | |
| Друг автор | Касабов, Мартин |
| 9 (RLIN) | 401621 |
| 852 ## - Местоположение | |
| Сигнатура (форматна) | Цб 323578 |
| Отдел | Хранилище |
| 942 ## - АРТИКУЛИ | |
| Вид на библиотечния документ | Книги |
| Скрит в OPAC | Не |
| Периодичен библиозапис | Да |
| Koha issues (borrowed), all copies | 1 |
| 944 ## - СЪЗДАВАНЕ И РЕДАКЦИЯ на ЗАПИСА | |
| Дата на регистрацията/редакция | Диана Гривева |
| Служител, извършил регистрацията/редакцията | 30530 |
| Номер на служител | Минев Младен |
| 999 ## - СИСТЕМНИ КОНТРОЛНИ НОМЕРА | |
| Koha biblionumber | 498464 |
| Koha biblioitemnumber | 498464 |
| Код за отписване | Код за изгубен артикул | Източник на класификационната схема | Код за повреда | Код за отдаване | Артикулен № | Име на библиотеката - собственик | Име на библиотеката, в която се намира в момента | Статус (Текущо местоположение) | Дата на вписване в системата | Местоположение - отдел | Цена в лева | Инвентарен номер | Систематично азбучна сигнатура | Баркод | Цена в евро | Служебен тип на артикула | Коз за рестрикции |
|---|---|---|---|---|---|---|---|---|---|---|---|---|---|---|---|---|---|
| Не е изгубен | Universal Decimal Classification | Не е повреден | заемане за дома | 936859 | Регионална библиотека "Любен Каравелов" Русе | Регионална библиотека "Любен Каравелов" Русе | Заемна - подръчен фонд | 2023-11-22 | Заемна - подръчен фонд | 14.00 | 120000895936 | 821-31/П 15 К | 120000895936 | 7.16 | Книги | ||
| Не е изгубен | Universal Decimal Classification | Не е повреден | заемане за дома | 936958 | Регионална библиотека "Любен Каравелов" Русе | Регионална библиотека "Любен Каравелов" Русе | Заемна - подръчен фонд | 2023-11-28 | Заемна - подръчен фонд | 14.00 | 120000896018 | 821-31/П 15 К | 120000896018 | 7.16 | Книги | ||
| Не е изгубен | Universal Decimal Classification | Не е повреден | заемане за дома | 936959 | Регионална библиотека "Любен Каравелов" Русе | Регионална библиотека "Любен Каравелов" Русе | Заемна - подръчен фонд | 2023-11-28 | Заемна - подръчен фонд | 14.00 | 120000896019 | 821-31/П 15 К | 120000896019 | 7.16 | Книги | ||
| Не е изгубен | Universal Decimal Classification | Не е повреден | ползва се в читалня | 945114 | Регионална библиотека "Любен Каравелов" Русе | Регионална библиотека "Любен Каравелов" Русе | Хранилище | 2024-07-03 | Хранилище | 20.00 | 120000910248 | Цб 323578 | 120000910248 | 10.23 | Книги | само за читалня |